Engineering Rock Mass Classification : (Record no. 16501)

MARC details
000 -LEADER
fixed length control field 01253cam a22003134a 4500
001 - CONTROL NUMBER
control field 16700865
005 - DATE AND TIME OF LATEST TRANSACTION
control field 20110930113038.0
008 - FIXED-LENGTH DATA ELEMENTS--GENERAL INFORMATION
fixed length control field 110321s2011 mauab b 001 0 eng
020 ## - INTERNATIONAL STANDARD BOOK NUMBER
International Standard Book Number 012385878X (alk. paper)
020 ## - INTERNATIONAL STANDARD BOOK NUMBER
International Standard Book Number 9780123858788 (alk. paper)
040 ## - CATALOGING SOURCE
Original cataloging agency DLC
Transcribing agency DLC
Modifying agency YDX
-- YDXCP
-- BWX
-- DLC
082 00 - DEWEY DECIMAL CLASSIFICATION NUMBER
Classification number 625.122
Edition number 22
Item number SIN
100 1# - MAIN ENTRY--PERSONAL NAME
Personal name Singh, Bhawani.
9 (RLIN) 29052
245 10 - TITLE STATEMENT
Title Engineering Rock Mass Classification :
Remainder of title Tunneling, Foundations, and Landslides /
Statement of responsibility, etc Bhawani Singh, R.K. Goel.
260 ## - PUBLICATION, DISTRIBUTION, ETC. (IMPRINT)
Place of publication, distribution, etc Waltham, MA :
Name of publisher, distributor, etc Butterworth-Heinemann,
Date of publication, distribution, etc c2011.
300 ## - PHYSICAL DESCRIPTION
Extent xv, 365 p. :
Other physical details ill., maps ;
Dimensions 24 cm.
504 ## - BIBLIOGRAPHY, ETC. NOTE
Bibliography, etc Includes bibliographical references and index.
650 #0 - SUBJECT ADDED ENTRY--TOPICAL TERM
Topical term or geographic name as entry element Engineering geology.
9 (RLIN) 29053
650 #0 - SUBJECT ADDED ENTRY--TOPICAL TERM
Topical term or geographic name as entry element Tunneling.
9 (RLIN) 29054
650 #0 - SUBJECT ADDED ENTRY--TOPICAL TERM
Topical term or geographic name as entry element Foundations.
9 (RLIN) 29055
650 #0 - SUBJECT ADDED ENTRY--TOPICAL TERM
Topical term or geographic name as entry element Landslides
General subdivision Prevention.
9 (RLIN) 29056
650 #0 - SUBJECT ADDED ENTRY--TOPICAL TERM
Topical term or geographic name as entry element Rocks
Form subdivision Classification.
9 (RLIN) 29057
650 #0 - SUBJECT ADDED ENTRY--TOPICAL TERM
Topical term or geographic name as entry element Rock mechanics.
9 (RLIN) 29058
653 ## - INDEX TERM--UNCONTROLLED
Resource For college
Arrived date list February2012
700 1# - ADDED ENTRY--PERSONAL NAME
Personal name Goel, R. K.,
Dates associated with a name 1960-
9 (RLIN) 29059
942 ## - ADDED ENTRY ELEMENTS (KOHA)
Source of classification or shelving scheme Dewey Decimal Classification
Item type Book - Borrowing
Holdings
Withdrawn status Item status Source of classification or shelving scheme Damaged status Not for loan Vendor Home library Current library Shelving location Date acquired Source of acquisition Cost, normal purchase price Serial Enumeration / chronology Total Checkouts Total Renewals Full call number Barcode Date last seen Date last borrowed Koha item type
    Dewey Decimal Classification     Alahram Central Library Central Library First floor 20/02/2012   592.00 682 2 2 625.122 SIN 000026161 15/07/2025 22/09/2015 Book - Borrowing